[Event "NB II. Barcza csoport"]
[Site "Kazincbarcika"]
[Date "2024.05.12"]
[Round "9.8"]
[White "Marko, Arpad"]
[Black "Kovacs, Marton"]
[Result "0-1"]
[WhiteElo "1881"]
[BlackElo "2117"]
[PlyCount "129"]
[EventDate "2023.10.08"]
[EventType "team-tourn"]
[EventRounds "9"]
[EventCountry "HUN"]
[Source "chess.hu"]
[WhiteTeam "Kazincbarcika VSC"]
[BlackTeam "Hajduboszormenyi SE"]
[WhiteTeamCountry "HUN"]
[BlackTeamCountry "HUN"]

1. e4 e5 2. Nf3 Nf6 3. Nxe5 d6 4. Nf3 Nxe4 5. Nc3 Nxc3 6. dxc3 Be7 7. Be3 O-O
8. Qd2 Qe8 9. O-O-O Qa4 10. Kb1 Be6 11. a3 Nc6 12. Nd4 Nxd4 13. cxd4 Bd5 14. h4
Rab8 15. h5 b5 16. Qb4 Qa6 17. h6 g6 18. Qd2 Qc6 19. b3 Bxg2 20. Rg1 Be4 21. d5
Bxd5 22. Qd4 f6 23. Qxd5+ Qxd5 24. Rxd5 c6 25. Rd1 d5 26. Kb2 Kf7 27. Bh3 f5
28. Bd4 Bf6 29. Bxf6 Kxf6 30. Rde1 Rbe8 31. Kc3 g5 32. f3 Kg6 33. Kd4 Rxe1 34.
Rxe1 Kxh6 35. Re6+ Kh5 36. Rxc6 Kh4 37. Rh6+ Kg3 38. Bf1 Kxf3 39. Rxh7 a6 40.
Rh3+ Kf2 41. Bd3 g4 42. Rh2+ Kg3 43. Rh5 f4 44. Rh6 f3 45. Rxa6 Kg2 46. Bxb5 g3
47. Rg6 f2 48. a4 Rf4+ 49. Ke5 Rc4 50. bxc4 f1=Q 51. cxd5 Qa1+ 52. Ke6 Qe1+ 53.
Kd6 Qe4 54. Re6 Qxc2 55. Re2+ Qxe2 56. Bxe2 Kf2 57. Bb5 g2 58. Kc7 g1=Q 59. d6
Qc1+ 60. Kb6 Qc8 61. d7 Qd8+ 62. Kb7 Ke3 63. Bc6 Kd4 64. a5 Kc5 65. Ba4 0-1

[Event "NB II. Barcza csoport"]
[Site "Kazincbarcika"]
[Date "2024.05.12"]
[Round "9.9"]
[White "Uzonyi, David"]
[Black "Fazekas, Istvan"]
[Result "1-0"]
[WhiteElo "2042"]
[BlackElo "1873"]
[PlyCount "89"]
[EventDate "2023.10.08"]
[EventType "team-tourn"]
[EventRounds "9"]
[EventCountry "HUN"]
[Source "chess.hu"]
[WhiteTeam "Hajduboszormenyi SE"]
[BlackTeam "Kazincbarcika VSC"]
[WhiteTeamCountry "HUN"]
[BlackTeamCountry "HUN"]

1. e4 e5 2. d4 exd4 3. Qxd4 Nc6 4. Qe3 Nf6 5. Nc3 Bb4 6. Bd2 d6 7. O-O-O Qe7 8.
f3 Bd7 9. g4 Bc5 10. Qe1 O-O-O 11. g5 Ng8 12. Nd5 Qe8 13. Bc3 Qf8 14. Bh3 Nge7
15. b4 Bxh3 16. Nxh3 Nxd5 17. Rxd5 Bb6 18. a4 Ne7 19. Rd3 a6 20. Nf4 Ba7 21.
Qg3 Rg8 22. Rhd1 Kb8 23. Nd5 Nxd5 24. Rxd5 Qe7 25. e5 dxe5 26. Qxe5 Be3+ 27.
Kb2 Qxg5 28. Rxd8+ Rxd8 29. Rxd8+ Qxd8 30. Qxe3 f6 31. Qe6 Qf8 32. Kb3 c6 33.
Bd4 Qd8 34. Bc5 Qd5+ 35. Qxd5 cxd5 36. Kc3 Kc7 37. b5 axb5 38. axb5 Kd7 39. Kd4
Ke6 40. Bf8 g5 41. Kc5 f5 42. Bh6 g4 43. fxg4 fxg4 44. Kb6 Kf6 45. Kxb7 1-0

[Event "NB II. Barcza csoport"]
[Site "Kazincbarcika"]
[Date "2024.05.12"]
[Round "9.10"]
[White "Jonizs, Zoltan"]
[Black "Toviskes, Antal"]
[Result "0-1"]
[WhiteElo "1840"]
[BlackElo "2022"]
[PlyCount "138"]
[EventDate "2023.10.08"]
[EventType "team-tourn"]
[EventRounds "9"]
[EventCountry "HUN"]
[Source "chess.hu"]
[WhiteTeam "Kazincbarcika VSC"]
[BlackTeam "Hajduboszormenyi SE"]
[WhiteTeamCountry "HUN"]
[BlackTeamCountry "HUN"]

1. e4 c5 2. Nf3 d6 3. d4 cxd4 4. Nxd4 Nf6 5. Nc3 g6 6. Bb5+ Bd7 7. Bxd7+ Qxd7
8. O-O Bg7 9. Nf3 Nc6 10. Re1 O-O 11. Nd5 Rfd8 12. c3 b6 13. Bg5 Qb7 14. Bxf6
exf6 15. Qd3 Rac8 16. Rad1 Ne7 17. Re2 Nxd5 18. Qxd5 Qa6 19. Red2 Rc5 20. Qb3
Bf8 21. h3 Re8 22. Re1 f5 23. exf5 Rxe1+ 24. Nxe1 Rxf5 25. Nf3 Qb7 26. Qc4 Qe7
27. Re2 Qd7 28. Qe4 Ra5 29. a3 Bh6 30. Qe8+ Qxe8 31. Rxe8+ Kg7 32. Nd4 Bc1 33.
Nb3 Rd5 34. Nxc1 Rd1+ 35. Kh2 Rxc1 36. Re2 Kf6 37. Kg3 b5 38. Rd2 Ke6 39. f4
Re1 40. Kf3 Rf1+ 41. Kg4 f6 42. Re2+ Kf7 43. h4 h5+ 44. Kg3 f5 45. Rd2 Ke6 46.
Re2+ Kd7 47. Rf2 Re1 48. Kf3 Kc6 49. Re2 Rf1+ 50. Kg3 Kd7 51. Rf2 Rb1 52. Kf3
Kc6 53. Ke3 Kc5 54. Rd2 d5 55. g3 Re1+ 56. Kf2 Re4 57. b3 a5 58. b4+ axb4 59.
cxb4+ Kc4 60. Rc2+ Kb3 61. Rc5 Kxa3 62. Rxb5 d4 63. Rb6 Kb3 64. b5 Kc4 65. Rxg6
Kxb5 66. Rf6 d3 67. Rxf5+ Kc4 68. Re5 Rxe5 69. fxe5 Kc3 0-1

[Event "NB II. Barcza csoport"]
[Site "Kazincbarcika"]
[Date "2024.05.12"]
[Round "9.11"]
[White "Toth, Gergely"]
[Black "Elek, Monika"]
[Result "1-0"]
[WhiteElo "1766"]
[BlackElo "1846"]
[PlyCount "43"]
[EventDate "2023.10.08"]
[EventType "team-tourn"]
[EventRounds "9"]
[EventCountry "HUN"]
[Source "chess.hu"]
[WhiteTeam "Hajduboszormenyi SE"]
[BlackTeam "Kazincbarcika VSC"]
[WhiteTeamCountry "HUN"]
[BlackTeamCountry "HUN"]

1. e4 e5 2. Nf3 d6 3. d4 exd4 4. Nxd4 Nf6 5. Nc3 a6 6. Be2 Be7 7. O-O O-O 8.
Be3 c5 9. Nb3 Nc6 10. f4 b5 11. Bf3 c4 12. e5 Bg4 13. exf6 Bxf3 14. Qxf3 cxb3
15. fxe7 Nxe7 16. axb3 Nf5 17. Bf2 Qf6 18. Nd5 Qxb2 19. Qe4 g6 20. Ne7+ Kh8 21.
Nxf5 gxf5 22. Bd4+ 1-0

[Event "NB II. Barcza csoport"]
[Site "Kazincbarcika"]
[Date "2024.05.12"]
[Round "9.12"]
[White "Fazekas, David"]
[Black "Henczel, Donat"]
[Result "1/2-1/2"]
[WhiteElo "1612"]
[BlackElo "1770"]
[PlyCount "63"]
[EventDate "2023.10.08"]
[EventType "team-tourn"]
[EventRounds "9"]
[EventCountry "HUN"]
[Source "chess.hu"]
[WhiteTeam "Kazincbarcika VSC"]
[BlackTeam "Hajduboszormenyi SE"]
[WhiteTeamCountry "HUN"]
[BlackTeamCountry "HUN"]

1. e4 c5 2. d4 cxd4 3. c3 d3 4. Bxd3 e6 5. c4 d6 6. Nc3 Nf6 7. Bg5 Be7 8. Nf3
Nc6 9. O-O O-O 10. Qb3 Na5 11. Qc2 h6 12. Bxf6 Bxf6 13. e5 Bxe5 14. Nxe5 dxe5
15. Rad1 Qe7 16. Qe2 Nc6 17. f4 exf4 18. Rxf4 e5 19. Nd5 Qc5+ 20. Rf2 Be6 21.
Kh1 Rad8 22. Nf6+ gxf6 23. Rxf6 Qe7 24. Rxh6 Qg5 25. Rh5 Qg7 26. Bh7+ Qxh7 27.
Rxh7 Kxh7 28. Qh5+ Kg7 29. Qg5+ Kh7 30. Qh5+ Kg7 31. Qg5+ Kh7 32. Qh5+ 1/2-1/2

[Event "NB II. Barcza csoport"]
[Site "Debrecen"]
[Date "2024.05.12"]
[Round "9.1"]
[White "Kiss, Mate Jozsef"]
[Black "Forgacs, Jozsef"]
[Result "1-0"]
[WhiteElo "2153"]
[BlackElo "2226"]
[PlyCount "65"]
[EventDate "2023.10.08"]
[EventType "team-tourn"]
[EventRounds "9"]
[EventCountry "HUN"]
[Source "chess.hu"]
[WhiteTeam "NYESE"]
[BlackTeam "Karsol-DSBK"]
[WhiteTeamCountry "HUN"]
[BlackTeamCountry "HUN"]

1. e4 g6 2. d4 Bg7 3. Nc3 d6 4. f4 a6 5. Nf3 b5 6. a4 b4 7. Nd5 Bb7 8. Bd3 Bxd5
9. exd5 Nf6 10. O-O Nxd5 11. f5 Nf6 12. Qe2 c5 13. dxc5 dxc5 14. Ne5 O-O 15.
fxg6 hxg6 16. Nxg6 fxg6 17. Qe6+ Kh8 18. Rf3 Qd6 19. Rh3+ Nh5 20. Qe4 Kg8 21.
Qxa8 Nc6 22. Qxa6 Bd4+ 23. Kh1 Kg7 24. Be3 Rf6 25. Rd1 Qe5 26. Re1 Nd8 27. Qc8
Qd6 28. Qg4 Nf7 29. Bxd4 Qxd4 30. Qxd4 cxd4 31. Rxe7 Kf8 32. Re1 Ng5 33. Rh4
1-0

[Event "NB II. Barcza csoport"]
[Site "Debrecen"]
[Date "2024.05.12"]
[Round "9.2"]
[White "Cselenyi, Balazs"]
[Black "Coroian, Sebastian-Dumitru"]
[Result "1/2-1/2"]
[WhiteElo "2092"]
[BlackElo "2121"]
[PlyCount "89"]
[EventDate "2023.10.08"]
[EventType "team-tourn"]
[EventRounds "9"]
[EventCountry "HUN"]
[Source "chess.hu"]
[WhiteTeam "Karsol-DSBK"]
[BlackTeam "NYESE"]
[WhiteTeamCountry "HUN"]
[BlackTeamCountry "HUN"]

1. d4 d5 2. c4 e6 3. Nf3 Nf6 4. Bg5 Be7 5. Nc3 h6 6. Bh4 O-O 7. e3 b6 8. cxd5
Nxd5 9. Bxe7 Qxe7 10. Bd3 Bb7 11. O-O Nxc3 12. bxc3 c5 13. Qe2 Rd8 14. a4 Nc6
15. Rfb1 e5 16. dxe5 Nxe5 17. Nxe5 Qxe5 18. c4 Rd6 19. Ra3 Rad8 20. f4 Qe7 21.
a5 bxa5 22. Rbb3 Qd7 23. Qh5 a4 24. Rc3 Qc6 25. e4 Rd4 26. Qg4 Qb6 27. e5 Be4
28. Bxe4 Rxe4 29. h3 Qb1+ 30. Kh2 Re1 31. Re3 Rxe3 32. Rxe3 Qg6 33. Qf3 Qe6 34.
Rd3 Rxd3 35. Qxd3 g5 36. g3 Kg7 37. Qe4 gxf4 38. gxf4 Qg6 39. f5 Qg5 40. f6+
Kh8 41. e6 Qd2+ 42. Kh1 Qc1+ 43. Kh2 Qd2+ 44. Kh1 Qc1+ 45. Kh2 1/2-1/2

[Event "NB II. Barcza csoport"]
[Site "Debrecen"]
[Date "2024.05.12"]
[Round "9.3"]
[White "Lazin, Robert-Tamas"]
[Black "Kanyadi, Zoltan"]
[Result "1-0"]
[WhiteElo "2087"]
[BlackElo "2082"]
[PlyCount "67"]
[EventDate "2023.10.08"]
[EventType "team-tourn"]
[EventRounds "9"]
[EventCountry "HUN"]
[Source "chess.hu"]
[WhiteTeam "NYESE"]
[BlackTeam "Karsol-DSBK"]
[WhiteTeamCountry "HUN"]
[BlackTeamCountry "HUN"]

1. e4 Nf6 2. e5 Nd5 3. d4 d6 4. Nf3 Bg4 5. Be2 e6 6. h3 Bh5 7. c4 Nb6 8. Nc3
Nc6 9. exd6 cxd6 10. b3 Be7 11. O-O O-O 12. Be3 d5 13. c5 Nc8 14. a3 a5 15. Rc1
Bxf3 16. Bxf3 Bg5 17. Qd2 Bxe3 18. fxe3 Qg5 19. Nb5 Rd8 20. Rf2 Rd7 21. e4 Qxd2
22. Rxd2 dxe4 23. Bxe4 f5 24. Bf3 e5 25. d5 N6a7 26. Be2 Ne7 27. Nxa7 Rxa7 28.
Bb5 Rd8 29. d6 Nc6 30. Rd5 Re8 31. Re1 Kf7 32. Bxc6 bxc6 33. Rdxe5 Rxe5 34.
Rxe5 1-0

[Event "NB II. Barcza csoport"]
[Site "Debrecen"]
[Date "2024.05.12"]
[Round "9.4"]
[White "Kelemen, Imre"]
[Black "Gorombei, Balint"]
[Result "1-0"]
[WhiteElo "2003"]
[BlackElo "1993"]
[PlyCount "49"]
[EventDate "2023.10.08"]
[EventType "team-tourn"]
[EventRounds "9"]
[EventCountry "HUN"]
[Source "chess.hu"]
[WhiteTeam "Karsol-DSBK"]
[BlackTeam "NYESE"]
[WhiteTeamCountry "HUN"]
[BlackTeamCountry "HUN"]

1. Nf3 b6 2. e4 Bb7 3. Nc3 e6 4. d4 d5 5. Bd3 Nf6 6. exd5 exd5 7. O-O Be7 8.
Bf4 O-O 9. Re1 Re8 10. Qd2 c6 11. Re2 Nbd7 12. Rae1 Nf8 13. Nd1 Ne6 14. Be5 g6
15. h3 Nd7 16. Bh2 Rc8 17. Ne3 a6 18. Ng4 c5 19. c3 b5 20. Nh6+ Kg7 21. Nxf7
Kxf7 22. Rxe6 Nf8 23. Qf4+ Kg8 24. Ne5 Nxe6 25. Qf7+ 1-0

[Event "NB II. Barcza csoport"]
[Site "Debrecen"]
[Date "2024.05.12"]
[Round "9.5"]
[White "Gocza, Adam"]
[Black "Debreceni, Mate"]
[Result "1/2-1/2"]
[WhiteElo "2036"]
[BlackElo "2080"]
[PlyCount "77"]
[EventDate "2023.10.08"]
[EventType "team-tourn"]
[EventRounds "9"]
[EventCountry "HUN"]
[Source "chess.hu"]
[WhiteTeam "NYESE"]
[BlackTeam "Karsol-DSBK"]
[WhiteTeamCountry "HUN"]
[BlackTeamCountry "HUN"]

1. e4 c5 2. Nc3 Nc6 3. g3 g6 4. d3 Bg7 5. Be3 d6 6. Qd2 e5 7. Bg2 Nge7 8. Bh6
Bxh6 9. Qxh6 Nd4 10. Qd2 Be6 11. Nd5 Nxd5 12. exd5 Bd7 13. c3 Nf5 14. Ne2 Qf6
15. f4 O-O 16. O-O Rae8 17. Rae1 exf4 18. Nxf4 Rxe1 19. Rxe1 Re8 20. Re4 b5 21.
Nh3 Kg7 22. Qe2 Rxe4 23. dxe4 Nh6 24. Nf2 Qg5 25. Bf3 f6 26. Kg2 Nf7 27. Nd3
Ne5 28. Nxe5 Qxe5 29. Qe3 b4 30. Qf4 bxc3 31. Qxe5 fxe5 32. bxc3 Bb5 33. Kf2
Bc4 34. a3 Kf6 35. Be2 Bb3 36. Ke3 Ke7 37. Kd2 Kd7 38. c4 Ke7 39. Ke3 1/2-1/2

[Event "NB II. Barcza csoport"]
[Site "Debrecen"]
[Date "2024.05.12"]
[Round "9.6"]
[White "Botragyi, Tibor"]
[Black "Pozsonyi, Istvan"]
[Result "1/2-1/2"]
[WhiteElo "1989"]
[BlackElo "1932"]
[PlyCount "43"]
[EventDate "2023.10.08"]
[EventType "team-tourn"]
[EventRounds "9"]
[EventCountry "HUN"]
[Source "chess.hu"]
[WhiteTeam "Karsol-DSBK"]
[BlackTeam "NYESE"]
[WhiteTeamCountry "HUN"]
[BlackTeamCountry "HUN"]

1. d4 d5 2. Nf3 e6 3. Bf4 f5 4. e3 Nf6 5. Nbd2 Bd6 6. Ne5 O-O 7. Ndf3 Qe7 8.
Bd3 c5 9. c3 Nc6 10. O-O Bd7 11. Qe2 Be8 12. Nxc6 Bxc6 13. Bxd6 Qxd6 14. Ne5
Nd7 15. f4 Nxe5 16. fxe5 Qe7 17. Qh5 Be8 18. Qh3 h5 19. Be2 g6 20. Qg3 h4 21.
Qh3 b5 22. g3 1/2-1/2

[Event "NB II. Barcza csoport"]
[Site "Debrecen"]
[Date "2024.05.12"]
[Round "9.7"]
[White "Orso, Janos"]
[Black "Szilagyi, Tibor"]
[Result "1-0"]
[WhiteElo "1985"]
[BlackElo "2056"]
[PlyCount "73"]
[EventDate "2023.10.08"]
[EventType "team-tourn"]
[EventRounds "9"]
[EventCountry "HUN"]
[Source "chess.hu"]
[WhiteTeam "NYESE"]
[BlackTeam "Karsol-DSBK"]
[WhiteTeamCountry "HUN"]
[BlackTeamCountry "HUN"]

1. d4 Nf6 2. c4 g6 3. Nc3 Bg7 4. e4 d6 5. f3 O-O 6. Be3 e5 7. d5 Nh5 8. Qd2 f5
9. Nge2 f4 10. Bf2 Nd7 11. O-O-O a6 12. Kb1 Rb8 13. Nc1 Bf6 14. Qe1 Ng7 15. Nb3
Be7 16. Be2 b6 17. Qg1 Nc5 18. Nd2 Bd7 19. g3 Na4 20. Rc1 Nxc3+ 21. Rxc3 c5 22.
dxc6 Bxc6 23. Ka1 Ne6 24. Rc1 Kg7 25. Nb1 b5 26. Nc3 Qa5 27. Qd1 bxc4 28. Bxc4
Nc5 29. Nd5 Bxd5 30. Qxd5 Qb4 31. Rc2 fxg3 32. hxg3 Rxf3 33. Bxc5 Qxc5 34. Qe6
Qa7 35. Qg4 Rbf8 36. Rch2 h5 37. Rxh5 1-0

[Event "NB II. Barcza csoport"]
[Site "Debrecen"]
[Date "2024.05.12"]
[Round "9.8"]
[White "Szakaly, Balazs"]
[Black "Bekesi, Janos"]
[Result "1-0"]
[WhiteElo "2081"]
[BlackElo "1944"]
[PlyCount "81"]
[EventDate "2023.10.08"]
[EventType "team-tourn"]
[EventRounds "9"]
[EventCountry "HUN"]
[Source "chess.hu"]
[WhiteTeam "Karsol-DSBK"]
[BlackTeam "NYESE"]
[WhiteTeamCountry "HUN"]
[BlackTeamCountry "HUN"]

1. e4 c6 2. d4 d5 3. exd5 cxd5 4. c4 Nf6 5. Nc3 Nc6 6. Nf3 Bg4 7. cxd5 Nxd5 8.
Qb3 Bxf3 9. gxf3 Nb6 10. Be3 e6 11. O-O-O Be7 12. d5 Nxd5 13. Qxb7 Rc8 14. Bb5
Qc7 15. Qxc7 Rxc7 16. Nxd5 exd5 17. Kb1 O-O 18. Rc1 Rfc8 19. Bf4 Nd4 20. Rxc7
Rxc7 21. Bxc7 Nxb5 22. Re1 Kf8 23. Be5 f6 24. Bc3 Bc5 25. a4 Nc7 26. Ba5 Ne8
27. Rd1 d4 28. b4 Bd6 29. h3 Be5 30. f4 Bxf4 31. Rxd4 Bh2 32. b5 g5 33. Rd7 h5
34. Bb4+ Kg8 35. Rxa7 g4 36. hxg4 h4 37. Re7 Nc7 38. Re3 Bf4 39. Rh3 Nd5 40.
Bc5 Nc3+ 41. Rxc3 1-0

[Event "NB II. Barcza csoport"]
[Site "Debrecen"]
[Date "2024.05.12"]
[Round "9.9"]
[White "Zelei, Imre"]
[Black "Szava, Miklos"]
[Result "1-0"]
[WhiteElo "1938"]
[BlackElo "1988"]
[PlyCount "73"]
[EventDate "2023.10.08"]
[EventType "team-tourn"]
[EventRounds "9"]
[EventCountry "HUN"]
[Source "chess.hu"]
[WhiteTeam "NYESE"]
[BlackTeam "Karsol-DSBK"]
[WhiteTeamCountry "HUN"]
[BlackTeamCountry "HUN"]

1. e4 c5 2. Nf3 e6 3. c3 d5 4. exd5 Qxd5 5. d4 Nf6 6. Be2 Nc6 7. Na3 a6 8. Nc4
Qd8 9. Be3 Nd5 10. Bg5 Qc7 11. O-O b5 12. Ne3 Nxe3 13. Bxe3 cxd4 14. Nxd4 Nxd4
15. Qxd4 Bd6 16. Qxg7 Bxh2+ 17. Kh1 Be5 18. Qg5 h6 19. Qh4 Bb7 20. a4 bxa4 21.
Rxa4 Bc6 22. Rc4 Qb7 23. Rxc6 Qxc6 24. Bf3 Qc8 25. Qa4+ Ke7 26. Bxa8 Qxa8 27.
Bc5+ Kf6 28. f4 Bc7 29. Bd4+ Ke7 30. Bxh8 Qxh8 31. Rd1 Qb8 32. Rd7+ Kf6 33.
Qd4+ Kg6 34. Qe4+ Kf6 35. Qh7 Bxf4 36. Rxf7+ Ke5 37. Qg7+ 1-0

[Event "NB II. Barcza csoport"]
[Site "Debrecen"]
[Date "2024.05.12"]
[Round "9.10"]
[White "Borbely, Zsombor"]
[Black "Palkovics, Balazs"]
[Result "0-1"]
[WhiteElo "1840"]
[BlackElo "1895"]
[PlyCount "52"]
[EventDate "2023.10.08"]
[EventType "team-tourn"]
[EventRounds "9"]
[EventCountry "HUN"]
[Source "chess.hu"]
[WhiteTeam "Karsol-DSBK"]
[BlackTeam "NYESE"]
[WhiteTeamCountry "HUN"]
[BlackTeamCountry "HUN"]

1. Nf3 Nf6 2. c4 e6 3. d4 d5 4. Nc3 Be7 5. cxd5 exd5 6. Bg5 O-O 7. e3 c6 8. Qc2
Ne4 9. Nxe4 dxe4 10. Bxe7 Qxe7 11. Ne5 Qb4+ 12. Qc3 Qxc3+ 13. bxc3 b5 14. Be2
f6 15. Nxc6 Nxc6 16. Bxb5 Bd7 17. Bc4+ Kh8 18. Kd2 Rab8 19. Rab1 f5 20. Bd5 Ne7
21. Bc4 Bc6 22. Rb3 Nd5 23. Rhb1 Rbd8 24. Bb5 Bxb5 25. Rxb5 Nb6 26. a4 Nc4+ 0-1

[Event "NB II. Barcza csoport"]
[Site "Debrecen"]
[Date "2024.05.12"]
[Round "9.11"]
[White "Laskai, Gabor"]
[Black "Kovacs, Gergely"]
[Result "1-0"]
[WhiteElo "1857"]
[BlackElo "1646"]
[PlyCount "55"]
[EventDate "2023.10.08"]
[EventType "team-tourn"]
[EventRounds "9"]
[EventCountry "HUN"]
[Source "chess.hu"]
[WhiteTeam "NYESE"]
[BlackTeam "Karsol-DSBK"]
[WhiteTeamCountry "HUN"]
[BlackTeamCountry "HUN"]

1. c4 c6 2. d4 d5 3. e3 Nf6 4. Nc3 Nbd7 5. Nf3 dxc4 6. Bxc4 Nb6 7. Bb3 Bf5 8.
Ne5 e6 9. g4 Bg6 10. h4 h5 11. Nxg6 fxg6 12. g5 Nfd5 13. Qd3 Ne7 14. Bxe6 Qd6
15. Bh3 Ned5 16. a3 Be7 17. Ne4 Qc7 18. Be6 Kd8 19. Bd2 Rf8 20. Ba5 Bd6 21. Nc5
Qe7 22. Rc1 Bxc5 23. Bxd5 Bd6 24. Be4 Qf7 25. f4 Qe7 26. Kd2 Kd7 27. Bxg6 Kd8
28. Bxh5 1-0

[Event "NB II. Barcza csoport"]
[Site "Debrecen"]
[Date "2024.05.12"]
[Round "9.12"]
[White "Bekesi, Aron"]
[Black "Simon, Ors Attila"]
[Result "1-0"]
[WhiteElo "1794"]
[BlackElo "1851"]
[PlyCount "119"]
[EventDate "2023.10.08"]
[EventType "team-tourn"]
[EventRounds "9"]
[EventCountry "HUN"]
[Source "chess.hu"]
[WhiteTeam "Karsol-DSBK"]
[BlackTeam "NYESE"]
[WhiteTeamCountry "HUN"]
[BlackTeamCountry "HUN"]

1. e4 c6 2. d4 d5 3. e5 Bf5 4. h4 h6 5. g4 Bh7 6. Bd3 Bxd3 7. Qxd3 e6 8. f4 h5
9. f5 Qc8 10. fxe6 Qxe6 11. g5 g6 12. Ne2 c5 13. Nf4 Qc6 14. e6 Ne7 15. exf7+
Kxf7 16. Rf1 Kg8 17. Be3 c4 18. Qe2 Nf5 19. Qf2 Qe8 20. Nxd5 Bg7 21. Kd2 Na6
22. Re1 Qd7 23. Nf6+ Bxf6 24. gxf6 Nc5 25. Kc1 Ne4 26. Qg2 Nfg3 27. Nc3 Qg4 28.
Nxe4 Nxe4 29. Qxg4 hxg4 30. Bf4 Nxf6 31. Be5 Rf8 32. Rf1 Kg7 33. Kd2 Rxh4 34.
Rxf6 Rxf6 35. Rf1 Rh2+ 36. Kd1 g3 37. Bxf6+ Kg8 38. Rg1 g2 39. Ke2 Kf7 40. Be5
Rh5 41. Rxg2 b5 42. Kf3 g5 43. Kg4 Rh1 44. Kxg5 Ke6 45. Kf4 Rf1+ 46. Ke3 Re1+
47. Kd2 Ra1 48. a3 Ra2 49. Kc3 a5 50. Rg6+ Kd5 51. Rb6 b4+ 52. axb4 axb4+ 53.
Rxb4 Ra5 54. Rxc4 Rb5 55. Rc5+ Rxc5+ 56. dxc5 Kxe5 57. Kc4 Ke6 58. Kb5 Kd7 59.
Kb6 Kc8 60. Kc6 1-0

[Event "NB II. Barcza csoport"]
[Site "Miskolc"]
[Date "2024.05.12"]
[Round "9.1"]
[White "Ats, Laszlo Gyorgy"]
[Black "Kassay, Lilla"]
[Result "0-1"]
[WhiteElo "1906"]
[BlackElo "2055"]
[PlyCount "84"]
[EventDate "2023.10.08"]
[EventType "team-tourn"]
[EventRounds "9"]
[EventCountry "HUN"]
[Source "chess.hu"]
[WhiteTeam "DEAC-Debr.Sakkiskola"]
[BlackTeam "M.Sportisk-KisBocsok"]
[WhiteTeamCountry "HUN"]
[BlackTeamCountry "HUN"]

1. d4 Nf6 2. Bf4 e6 3. e3 b6 4. h4 Bb7 5. Nf3 c5 6. c3 a6 7. Nbd2 cxd4 8. exd4
Be7 9. Bd3 d6 10. Qe2 Nbd7 11. Ne4 Qc7 12. Bh2 Nxe4 13. Bxe4 Nf6 14. Bxb7 Qxb7
15. O-O O-O 16. Rfe1 b5 17. Ng5 a5 18. Rac1 Qd5 19. a3 b4 20. axb4 axb4 21. Qd3
bxc3 22. bxc3 Ra3 23. Re3 h6 24. Ne4 Ng4 25. Rh3 Rc8 26. Bf4 f5 27. Nd2 Bf6 28.
Nb1 Ra2 29. Be3 f4 30. Bd2 Rb8 31. f3 Ne5 32. Qe4 Qxe4 33. fxe4 Ng4 34. Bxf4 e5
35. dxe5 dxe5 36. Bd2 Ra1 37. Na3 Rxa3 38. c4 Ra2 39. Be1 Re2 40. c5 Rxe4 41.
c6 Rc8 42. c7 Rxc7 0-1

[Event "NB II. Barcza csoport"]
[Site "Miskolc"]
[Date "2024.05.12"]
[Round "9.2"]
[White "Csendi, Balazs"]
[Black "Balazs, Marcell"]
[Result "0-1"]
[WhiteElo "2061"]
[BlackElo "1977"]
[PlyCount "114"]
[EventDate "2023.10.08"]
[EventType "team-tourn"]
[EventRounds "9"]
[EventCountry "HUN"]
[Source "chess.hu"]
[WhiteTeam "M.Sportisk-KisBocsok"]
[BlackTeam "DEAC-Debr.Sakkiskola"]
[WhiteTeamCountry "HUN"]
[BlackTeamCountry "HUN"]

1. e4 e5 2. Nf3 Nc6 3. Bc4 Nf6 4. d3 Be7 5. c3 O-O 6. Bb3 d5 7. Nbd2 dxe4 8.
dxe4 Bg4 9. h3 Bh5 10. Qe2 Bg6 11. Bc2 Nh5 12. g3 Qd7 13. Nc4 Qe6 14. Bb3 Rad8
15. Ne3 Qd7 16. Nd5 Bd6 17. Bg5 Rde8 18. O-O-O Na5 19. Bc2 c6 20. Ne3 b5 21.
Nh4 Qe6 22. Nhf5 Bc7 23. Kb1 f6 24. Bh4 Bf7 25. b3 Rd8 26. Rxd8 Rxd8 27. Rd1 g5
28. Rxd8+ Bxd8 29. g4 Nf4 30. Qd1 Bc7 31. Bg3 Kf8 32. h4 Nb7 33. hxg5 fxg5 34.
Qh1 Qg6 35. Kb2 a5 36. Qd1 Qe6 37. Nh6 Qxh6 38. Qd7 Qd6 39. Qc8+ Nd8 40. Nf5
Be6 41. Nxd6 Bxc8 42. Nxc8 Ke8 43. a4 Kd7 44. axb5 Kxc8 45. bxc6 Nxc6 46. f3
Bb6 47. Ka3 Ne2 48. Be1 Ng1 49. Bd1 Kb7 50. Bg3 Bc5+ 51. Ka4 Kb6 52. b4 axb4
53. cxb4 Bxb4 54. Bxe5 Nxe5 55. Kxb4 Ngxf3 56. Be2 Nh2 57. Kc3 Kc5 0-1

[Event "NB II. Barcza csoport"]
[Site "Miskolc"]
[Date "2024.05.12"]
[Round "9.3"]
[White "Kantor, Sandor Dr"]
[Black "Vanczak, Attila"]
[Result "1/2-1/2"]
[WhiteElo "1869"]
[BlackElo "2127"]
[PlyCount "85"]
[EventDate "2023.10.08"]
[EventType "team-tourn"]
[EventRounds "9"]
[EventCountry "HUN"]
[Source "chess.hu"]
[WhiteTeam "DEAC-Debr.Sakkiskola"]
[BlackTeam "M.Sportisk-KisBocsok"]
[WhiteTeamCountry "HUN"]
[BlackTeamCountry "HUN"]

1. e4 Nc6 2. d4 e5 3. d5 Nce7 4. c4 Ng6 5. Nc3 Nf6 6. Be3 Bb4 7. f3 Bxc3+ 8.
bxc3 d6 9. Ne2 b6 10. Qd2 h6 11. Ng3 Nh4 12. Bd3 Bh3 13. Bf1 g5 14. Qf2 Bd7 15.
Ne2 Ng6 16. g3 g4 17. Bg2 gxf3 18. Bxf3 Bh3 19. Bd2 Qd7 20. Ng1 Bg4 21. h3 Bxf3
22. Qxf3 Qe7 23. Ne2 Nd7 24. Be3 O-O-O 25. Rf1 Rdf8 26. Kd2 Kb7 27. Rf2 c6 28.
h4 h5 29. Raf1 cxd5 30. cxd5 f5 31. Bg5 Qe8 32. Qe3 fxe4 33. Rxf8 Rxf8 34. Rxf8
Qxf8 35. Qxe4 Qf7 36. c4 Nc5 37. Qe3 Qf5 38. Nc3 Qg4 39. Qf2 Ne4+ 40. Nxe4 Qxe4
41. Qf7+ Ka6 42. Qc7 Qd4+ 43. Kc2 1/2-1/2

[Event "NB II. Barcza csoport"]
[Site "Miskolc"]
[Date "2024.05.12"]
[Round "9.4"]
[White "Zelena, Tamas"]
[Black "Koncz, Istvan"]
[Result "1/2-1/2"]
[WhiteElo "1991"]
[BlackElo "1920"]
[PlyCount "33"]
[EventDate "2023.10.08"]
[EventType "team-tourn"]
[EventRounds "9"]
[EventCountry "HUN"]
[Source "chess.hu"]
[WhiteTeam "M.Sportisk-KisBocsok"]
[BlackTeam "DEAC-Debr.Sakkiskola"]
[WhiteTeamCountry "HUN"]
[BlackTeamCountry "HUN"]

1. e4 c5 2. Nf3 d6 3. d4 cxd4 4. Nxd4 Nf6 5. Nc3 a6 6. a4 e6 7. Be3 Be7 8. Be2
Bd7 9. Qd2 Nc6 10. O-O O-O 11. Nb3 Qc7 12. a5 Ne5 13. Bb6 Qc8 14. Qd4 Nc6 15.
Qd2 Ne5 16. Qd4 Nc6 17. Qd2 1/2-1/2